Responses for show #3285 - Friday, December 11, 1998

Contestants

Lucia Flevares, a graduate student from Champaign, Illinois

Bruce Monroe, a medical researcher from Springfield, Illinois

Linda Bird, a law student from Ann Arbor, Michigan (whose 1-day cash winnings total $11,900)

Jeopardy! Round responses

CHINA TOWNS
TV THEME SONGS
DESTINATION: MOON
ONCE UPON A DECEMBER
THAT'S COLD!
ON ICE
    $100 26
(Linda: What is Singapore?)
(less than a minute to go...)

Shanghai

LindaBruce
    $100 3
Cheers

Bruce
    $100 21
Seas

Bruce
    $100 1
Montgomery, Alabama

Linda
    $100 7
Ice cream

Bruce
    $100 16
M (mice)

Linda
    $200 27
Pagodas

Bruce
    $200 12
Herbert Hoover

Linda
    $200 22
Apollo 17

Triple Stumper
    $200 2
James Monroe

Lucia
    $200 8
0

Linda
    $200 17
D (dice)

Linda
    $300 28
Burma Road

Bruce
    $300 13
3 hours

Bruce
    $300 23
(Linda: What is the Lunar Excursion Module?)

Moon rover

LindaLucia
    $300 4
(DAR - Daughters of the American Revolution)

Boston Tea Party

Bruce
    $300 9
Igloos

Linda
    $300 18
N (nice)

Lucia
    $400 29
Steel

Linda
    $400 14
Mister Rogers

Linda
    $400 24
30

Bruce
    $400 5
South Pole

Bruce
    $400 10
Siberia

Linda
    $400 19
V (vice)

Bruce
    $500 30
Beer

Lucia
    $500 15
(Alex: I always do, I'm going to put in a call to him right now!)

Super Chicken

Triple Stumper
    $500 25
(B: Who is Collins?)

Alan Shepard

Bruce
    $500 6
Vaclav Havel (Czechoslovakia)

Linda
    $500 11
Tree/timber line

Linda
    $500 20
R (rice)

Lucia

Scores at the first commercial break (after clue 15):

Linda Bruce Lucia
$2,600 $1,200 $200

Scores at the end of the Jeopardy! Round:

Linda Bruce Lucia
$2,900 $2,200 $1,800

Double Jeopardy! Round responses

FICTIONAL CHARACTERS
INTERNATIONAL FOOD & DRINK
THE AMBASSADORS
THE OSCARS
CHESTER A. ARTHUR
YOU KNOW WHAT THEY SAY...
    $200 6
Hercule Poirot

Linda
    $200 17
Vodka

Lucia
    $200 26
John Adams

Linda
    $200 1
Jack Nicholson

Linda
    $200 16
Yellowstone

Linda
    $200 11
Truth

Linda
    $400 7
Raskalnikov

Lucia
    $400 18
Eels

Linda
    $400 27
Daniel Patrick Moynihan

Bruce
    $400 2
Good Will Hunting

Linda
    $400 21
Elevator

Bruce
    $400 12
Thumb

Bruce
    $600 8
The Last Tycoon

Triple Stumper
    $600 19
Vietnam

Triple Stumper
    $600 28
Nikita Khrushchev

Linda
    $600 3
Tom Hanks

Linda
    $600 22
New York City

Linda
    $600 13
Penny

Bruce
    $900 9
(Lucia: Who is Nicholas Nickleby?)
(Alex: "The Mystery of Edwin Drood" - never finished)

Edwin Drood

Lucia
    $800 20
Breadfruit

Bruce
    $800 29
Clare Boothe Luce

Linda
    $1,000 4
Midnight Cowboy

Linda
    $800 23
Canada

Triple Stumper
    $800 14
Horse

Bruce
    $1000 10
The Mill On The Floss

Triple Stumper
    $1000 25
(Felix) Kir

Linda
    $1000 30
Great Britain

Triple Stumper
    $1000 5
Write-in votes

Triple Stumper
    $1000 24
Boss

Triple Stumper
    $1000 15
"Any port in a storm"

Bruce

Scores at the end of the Double Jeopardy! Round:

Linda Bruce Lucia
$9,300 $6,600 $1,500

[wagering suggestions for these scores]

Final Jeopardy! Round responses

FAMOUS WOMEN
LuciaWho was Pearl S. Bu
$0
BruceWho was Pearl Buck?
$0
LindaWho is Pearl Buck?
$4,000
Pearl S. Buck

Final scores:

Linda Bruce Lucia
$13,300 $6,600 $1,500
2-day champion: $25,200 2nd place: Trip to Das Cervosa Resort, Austria 3rd place: Daewoo TV, VCR & Speakers Package

Game dynamics:

Coryat scores:

Linda Bruce Lucia
$9,100 $7,100 $2,400
24 R
(including 1 DD),
2 W
18 R,
1 W
(including 1 DD)
7 R,
1 W
(including 1 DD)

Combined Coryat: $18,600

The J! Archive is created by fans, for fans. The Jeopardy! game show and all elements thereof, including but not limited to copyright and trademark thereto, are the property of Jeopardy Productions, Inc. and are protected under law. This website is not affiliated with, sponsored by, or operated by Jeopardy Productions, Inc. Join the discussion at JBoard.tv.